muscles importants - Statistiques

Statistiques générales
  • Ce quiz a été pris 147 fois
  • Le résultat moyen est 7 sur 14
Statistiques - réponses
Hint Réponse % Correct
6 biceps
94%
5 quadriceps
91%
7 triceps
90%
11 pectoraux
68%
12 abdominaux
65%
3 mollets
49%
1 trapèzes
47%
13 deltoides
46%
9 dorsaux
40%
4 fessiers
39%
8 adducteurs
27%
2 ischios jambiers
26%
10 lombaires
25%
14 avant bras
21%
Aucun quiz correspondant
Distribution des résultats
% des personnes avec chaque résultat
Percentile par nombre de réponses
Votre historique - résultats
Vous n’avez pas pris ce quiz